| 000 | 00953nam a22002295i 4500 | ||
|---|---|---|---|
| 001 | 167261 | ||
| 003 | ES-MaACL | ||
| 005 | 20250818063106.0 | ||
| 008 | 010102q18921895sp a |||| | spa d | ||
| 040 |
_aCCPB | B _bspa _cCCPB | B |
||
| 100 | 1 |
_aVerne, Jules, _d1828-1905 _9188654 |
|
| 245 | 1 | 0 |
_aAnte la bandera / _cobra escrita en francés por Julio Verne ; versión española. |
| 250 | _aEd. ilustrada con 42 grab. | ||
| 260 |
_aMadrid : _bSáenz de Jubera, hermanos, _c[s.a.] ( _fEstablecimiento Tipográfico Sucesores de Rivadeneyra) |
||
| 300 |
_a100 p. : _bil. ; _c27 cm. |
||
| 596 | 1 | _aSegún el Catálogo Colectivo del Patrimonio Bibliográfico Español del siglo XIX, Sáenz de Jubera, hermanos ejercen entre 1892-1895. | |
| 597 | 1 | _aTexto a dos col. | |
| 752 |
_aEspaña - _dMadrid |
||
| 852 |
_aES-MaACL _jB-12397(10) _z-- Enc. ed. en tela roja con planchas polícromas |
||
| 999 |
_c167261 _d167261 |
||